00829nam a22002297a 450000500170000001000130001702000230003003500130005303700160006604000120008208200130009424501250010724601370023226000410036927000680041030000210047865000160049965000350051570000140055070000150056470000200057920170124110254.0 aB-060114 c160.00a8176030503 aB-060114 bCen Lib/Ret aDPLbEN a510bIIM a100 practice papers on numerical ability/quantitative aptitude for all competitive exams / cby Manish Puri... [et.al.] aone hundred 100 practice papers on numerical ability/quantitative aptitude for all competitive exams / bby Manish Puri... [et.al.] aNew Delhi bIIMS Publications c1999 a6/18, jangpura extention, near masjid road bNew Delhi e110014 a369p.c25cm.(Hb) aMathematics aCompititive examination books  aJulka, P. aPuri, Y.P. aBhasin, Sunita